ბათუმის შოთა რუსთაველის სახელმწიფო უნივერსიტეტის ბიბლიოთეკა

Измерения в устроиствах автоматики, телемеханики и связи на железнодорожном транспорте. (ბიბ.ჩანაწერი № 40750)

000 -LEADER
fixed length control field 00891nam a2200217Ia 4500
001 - CONTROL NUMBER
control field 7389
003 - CONTROL NUMBER IDENTIFIER
control field GE_BSU
008 - FIXED-LENGTH DATA ELEMENTS--GENERAL INFORMATION
fixed length control field 181216s||||||||xx |||||||||||||| ||und||
040 ## - CATALOGING SOURCE
Transcribing agency GE_BSU
080 ## - UNIVERSAL DECIMAL CLASSIFICATION NUMBER
Universal Decimal Classification number 621.317:656
100 ## - MAIN ENTRY--PERSONAL NAME
Personal name Дмитренко,И.Е. Устинский,А.А. Цыганов,В.И.
245 ## - TITLE STATEMENT
Title Измерения в устроиствах автоматики, телемеханики и связи на железнодорожном транспорте.
245 ## - TITLE STATEMENT
Remainder of title Учебник.
245 ## - TITLE STATEMENT
Statement of responsibility, etc. Ред. И.И.Тумаркина.
260 ## - PUBLICATION, DISTRIBUTION, ETC.
Place of publication, distribution, etc. М.
260 ## - PUBLICATION, DISTRIBUTION, ETC.
Name of publisher, distributor, etc. Транспорт.
260 ## - PUBLICATION, DISTRIBUTION, ETC.
Date of publication, distribution, etc. 1969.
300 ## - PHYSICAL DESCRIPTION
Extent 280стр.22см.библиогр.:стр.275-276.
653 ## - INDEX TERM--UNCONTROLLED
Uncontrolled term Измерения в устроиствах автоматики, телемеханики и связи на железнодорожном транспорте.
942 ## - ADDED ENTRY ELEMENTS (KOHA)
Koha item type წიგნი
ეგზემპლარები
Withdrawn status Lost status Damaged status Not for loan Date acquired Barcode Date last seen Price effective from Koha item type
        2018-12-17 12109 2018-12-17 2018-12-17 წიგნი
        2018-12-17 12110 2018-12-17 2018-12-17 წიგნი